000 00783nam a22002297a 4500
003 OSt
005 20140310181919.0
008 130718t xxu||||| |||| 00| 0 eng d
020 _a9780521628464
050 _aPE 1128
_b.R514 1998
082 _aTR 428.24
_bR39 2005
100 _aRichards, Jack C.
_91426
245 _aNew interchange :
_bEnglish for international communication /
_cJack C. Richards ; with Jonathan Hull and Susan Proctor.
260 _aNew York :
_bCambridge Press,
_c2005.
300 _a65 p. :
_bill. col. ;
_c28 cm.
521 _aFaculty
541 _j1
562 _e1
650 _aStudents language
_xTextbooks for foreign speakers.
_91445
650 _aCommunication, International.
_xProblems, exercises, etc.
_91446
942 _2lcc
_cBK-TR
_kTR
999 _c6915
_d6915